Music Quiz

Random Music or Blitz Quiz
Score 0/20 Timer 03:00
1 Play Today
Hint Song % Correct
...begins with the word 'Born' [3]Born to be Wild...
94%
...is by Michael Jackson [2]Beat It...
84.6%
...includes 'brown' or 'black' in its title [8]Black Dog...
69.9%
...made the Top 10 on Rolling Stone's list [10]Imagine...
67.6%
...is entirely not in English (Ritchie Valens) [1]La Bamba
62.9%
...is by Elvis Presley and has a two-word title [4]Hound Dog...
62.2%
...is off of Nirvana's Nevermind [3]Come As You Are...
61.3%
...is by Stevie Wonder or Ray Charles [9]Superstition...
54.3%
...is by Led Zeppelin and isn't Stairway to Heaven [5]Kashmir...
50.9%
...is by either the Ramones or the Sex Pistols [5]Blitzkrieg Bop...
48%
Hint Song % Correct
...is by the Beatles and begins with S [3]Something...
44.9%
...is a one word song beginning with L and ending with A [2]Layla...
43.1%
...has the word 'devil' in the title [2]Sympathy for the Devil...
42.3%
...mentions the moon in its title [3]Moondance...
38.5%
...is sung by someone whose credited first name is James [7]Fire and Rain...
38.3%
...is by the Rolling Stones and was not released in the 1960s [5]Wild Horses...
32.3%
...mentions the sun, sunlight, sunshine, or sunset in its title [5]Waterloo Sunset...
25.7%
...is from the 1990s and is not by Nirvana [17]One...
19.4%
...contains the word 'little' in its title [5]Little Red Corvette...
17.7%
...begins with the word 'You' [6]You Really Got Me...
16.9%
Remove Ads.
Support Sporcle.
Get the best of Sporcle when you Go Orange. This ad-free experience offers more features, more stats, and more fun while also helping to support Sporcle. Thank you for becoming a member.

You're not logged in!

Compare scores with friends on all Sporcle quizzes.
OR
Log In

Show Comments

Extras

Top Quizzes Today


Score Distribution

Your Account Isn't Verified!

In order to create a playlist on Sporcle, you need to verify the email address you used during registration. Go to your Sporcle Settings to finish the process.

Report this User

Report this user for behavior that violates our Community Guidelines.

Details: